000 00308nam a22000977a 4500
008 150727b xxu||||| |||| 00| 0 eng d
010 _8HCCRSARF:038
245 _aHIGH COURT CRIMINAL SESSION NO.126 OF 1982 Uganda Vs Benedicto Ogwang
260 _aHigh Court Kampala
500 _3BEFORE: Hon. Mr. Justice A.H.O Oder
999 _c8247
_d8247